00993nam a2200229 a 450000100100000000500170001000800410002704000250006808200160009310000310010924000450014024500920018526000390027730000210031650000280033750400730036559000760043870000360051404900090055095201870055999900170074600003477520200930073909.0111019s1969 ag 000 0 spa d aDO-SdBNPbspacBNPHU axxxxbS714t1 aSorokin, Pitirim A.94783414aThe basic trends of our timeslEspañol10aTendencias basicas de nuestro tiempo /cPitirim A. Sorokin ; traductor Horacio Laurora. aBuenos Aires :bLa Pleyade,c1969. a223 p. ;c18 cm. aTraducido del inglés. aIncluye referencias bibliografías y notas al pie de las páginas. aPerteneció a la biblioteca personal de Juan Isidro Jimenes Grullón.12aLaurora, Horacio,etrad.940131 aBNGR 001050718MOaGRbGRcCTd2011-10-19iLF1l0oxxxx S714tp34775-10r2020-06-25w2020-06-25y1zPerteneció a la biblioteca personal de Juan Isidro Jimenes GrullónZNo se presta c34266d34266